000 00503nam a2200181Ia 4500
999 _c867
_d867
003 OSt
005 20210827144538.0
008 190216s9999||||xx |||||||||||||| ||und||
020 _a9789772775997
040 _coclc
082 _a892.71
_bSAL/A
100 _aSaleem, Muhamed Ibrahim
_98712
245 0 _aAhammed Shouqui /
_cMuhamed Ibrahim Saleem
260 _bDaru Thalaih,
_c2013
_aCairo:
300 _a89p
650 _aArabic
942 _cBK
_2ddc
_h892.71
_iSAL/A
_k892.71
_mSAL/A